000 00356 a2200169 4500
001 189096
020 _a978-85-7358-833-0
040 _cMagnum
100 _aParreiras, Marcelo Augusto Lacerda
240 1 0 _aVeyenor
_lpor
245 1 0 _aVeyenor
300 _a326
362 0 _a2008
440 1 _aLeitura
697 _aLITERATURA JUVENIL
942 _cBK
999 _c189096
_d189096